02842cam a22003495i 4500999001700000001000900017003000900026005001700035008004100052020003800093040003800131043001200169082002100181100004000202245013400242250002100376264005200397300002900449336002600478337002800504338002700532504005100559505032100610520118000931651005502111651006702166651004902233653003402282655001702316942001202333952014702345 c27767d2773818853343EG-ScBUE20191203124600.0151112r20162016enk f b 001 0 eng d a9780521189422 (pbk. : alk. paper) aDLCbengerdacDLCdDLCdEG-ScBUE aaw-----04a320.956bCHA2221 aChalcraft, John T.,d1970-eauthor.10aPopular politics in the making of the modern Middle East /cJohn Chalcraft, The London School of Economics and Political Science. aReprint edition. 1aCambridge :bCambridge University Press,c2016. axvii, 594 pages ;c24 cm atextbtxt2rdacontent aunmediatedbn2rdamedia avolumebnc2rdacarrier aIncludes bibliographical references and index.0 aPart I. Millenarianism, renewal, justice, rights and reform, 1798-1914 -- Part II. Patriotism, liberalism, armed struggle, and ideology, 1914-1952 -- Part III. National independence, guerrilla war, and social revolution, 1952-1976 -- Part IV. Islamism, revolution, uprisings, and liberalism, 1977-2011 -- Conclusion. aThe waves of protest ignited by the self-immolation of Muhammad Bouazizi in Tunisia in late 2010 highlighted for an international audience the importance of contentious politics in the Middle East and North Africa. John Chalcraft's ground-breaking account of popular protest emphasizes the revolutionary modern history of the entire region. Challenging top-down views of Middle Eastern politics, he looks at how commoners, subjects and citizens have long mobilised in defiance of authorities. Chalcraft takes examples from a wide variety of protest movements from Morocco to Iran. He forges a new narrative of change over time, creating a truly comparative framework rooted in the dynamics of hegemonic contestation. Beginning with movements under the Ottomans, which challenged corruption and oppression under the banners of religion, justice, rights and custom, this book goes on to discuss the impact of constitutional movements, armed struggles, nationalism and independence, revolution and Islamism. A work of unprecedented range and depth, this volume will be welcomed by undergraduates and graduates studying protest in the region and beyond. -- Provided by publisher. 7aMiddle EastxPolitics and governmenty1945-2BUEsh 7aMiddle EastxPolitics and governmenty1914-1945.2BUEsh928824 7aMiddle EastxPolitics and government.2BUEsh bMASPPSSbBUSBOLcNovember2019 vReading book 2ddccBB 00102ddc40708BaccahaMAINbMAINc1STd2019-11-19ePurchaseg390.00l0o320.956 CHAp000048254r2025-07-15 00:00:00v487.50w2019-11-19yBB